000 00292nam a22001337a 4500
008 171024b xxu||||| |||| 00| 0 eng d
020 _a9789994382149
041 _aALB
080 _a311
100 _a55
101 _aSTA
245 _aSTATISTIKA PER MENAXHER
_cKOCI.N.
942 _2udc
_cBK
999 _c35723
_d35723